Inorganic plain cards. /

Guardado en:
Autor Corporativo: Joint committee on powder diffraction standards.
Formato: Libro
Idioma:English
Publicado: Swarthmore : JCPDS, 1965.
Etiquetas: Agregar Etiqueta
Sin Etiquetas, Sea el primero en etiquetar este registro!
LEADER 00489nam a22001455a 4500
001 EUN.um019331
003 AR-BaUNS
005 20050623122859.0
008 041125s1965####xx############000#0#eng#d
245 1 0 |a Inorganic plain cards. /  |c Joint committee on powder diffraction standards. 
260 |a Swarthmore :  |b JCPDS,  |c 1965. 
300 |a sets 13, 14, 15. 
082 0 4 |a 549.14 
110 2 |a Joint committee on powder diffraction standards. 
859 |a Ar-BaUNS  |b BIB. CENTRAL - Sector C  |h 549.14  |i J667  |p 63885/972  |v 13